Statistics for Jacksonville (JAX) Airport Destinations

Click here to take the quiz!

General Stats

  • This quiz has been taken 124 times
    (94 since last reset)
  • The average score is 26 of 37

Answer Stats

AirlineDestination% Correct
Delta Airlines, Southwest AirlinesAtlanta
97%
American Airlines, American EagleCharlotte
94%
American AirlinesDallas/Fort Worth
94%
Delta Connection, JetBlueBoston
90%
Southwest AirlinesDallas (Love)
90%
Southwest AirlinesChicago (Midway)
85%
American Eagle, United Airlines, United ExpressChicago (O'Hare)
85%
American EagleMiami
85%
Southwest AirlinesHouston (Hobby)
84%
United Airlines, United ExpressHouston (Intercontinental)
84%
Frontier, Southwest, United Airlines, United Express, Frontier AirlinesDenver
82%
Delta Airlines, Delta Connection, JetBlueNew York (John F. Kennedy)
81%
Delta Connection, jetBlueNew York (LaGuardia)
81%
Delta AirlinesDetroit
79%
JetBlueLos Angeles
79%
Allegiant Air, United Airlines, United ExpressWashington (Dulles)
79%
American Eagle, Southwest AirlinesWashington (National)
79%
Southwest AirlinesBaltimore
77%
American Airlines, American Eagle, Frontier AirlinesPhiladelphia
77%
JetBlue, United Airlines, United ExpressNewark
74%
American EagleAustin
73%
Delta Airlines, Sun Country AirlinesMinneapolis/Saint Paul
71%
Silver AirwaysTampa
71%
Allegiant Air, Southwest AirlinesNashville
69%
Allegiant AirColumbus (Rickenbacker)
68%
Silver Airways, JetBlueFort Lauderdale
68%
Silver AirwaysNew Orleans
68%
Allegiant AirPittsburgh
66%
Allegiant AirCleveland
63%
Allegiant AirIndianapolis
61%
Allegiant AirBelleville/Saint Louis
60%
Allegiant AirCincinnati
60%
Southwest AirlinesSaint Louis
60%
Allegiant AirNorfolk
29%
Frontier AirlinesSan Juan
24%
Frontier AirlinesTrenton
21%
Silver AirwaysGreenville/Spartanburg
11%

Score Distribution

Percentile by Number Answered

Percent of People with Each Score

Your Score History

You have not taken this quiz since the last reset